Actas del congreso internacional, cincuentenario de Unamuno
Salvato in:
| Autore principale: | |
|---|---|
| Natura: | Libro |
| Lingua: | spagnolo |
| Pubblicazione: |
Salamanca
Universidad de Salamanca
1989
|
| Edizione: | 1a. ed |
| Soggetti: | |
| Tags: |
Aggiungi Tag
Nessun Tag, puoi essere il primo ad aggiungerne!!
|
MARC
| LEADER | 00000nam a2200000 a 4500 | ||
|---|---|---|---|
| 001 | UCK4341 | ||
| 003 | CL-VaPUC | ||
| 005 | 20241120155513.0 | ||
| 008 | 050603e19890000sp 1 spa d | ||
| 020 | |a 8474815614 | ||
| 082 | 0 | 4 | |a 863.9 |b GOM |2 21 |
| 100 | 1 | |a Gómez Molleda, María Dolores |e author |9 620723 | |
| 245 | 1 | 0 | |a Actas del congreso internacional, cincuentenario de Unamuno |
| 250 | |a 1a. ed | ||
| 260 | |a Salamanca |b Universidad de Salamanca |c 1989 | ||
| 300 | |a 639 p | ||
| 583 | |a last modification |c 20190823 10:48:26 |k Rodrigo Vera | ||
| 650 | 0 | 7 | |a NOVELA ESPAÑOLA |2 CL-VaPUC |9 313139 |
| 650 | 0 | 0 | |a Crítica e interpretación literaria |9 266284 |
| 650 | 0 | 0 | |a Estilos literarios |9 310538 |
| 942 | |c BK | ||
| 945 | |a cmena |d 20050603 00:00:00 | ||
| 546 | |a En Español | ||
| 536 | |a Universidad de Salamanca | ||
| 518 | |p Congreso Internacional Cincuentenario de Unamuno, 1, Salamanca, 10-20 de diciembre 1986 | ||
| 999 | |c 384130 |d 384128 | ||
| 952 | |0 0 |1 0 |4 0 |6 863_900000000000000_GOM_1989 |7 0 |8 A |9 506605 |a BIBEDU |b BIBEDU |d 2020-01-23 |i 4133838 |o 863.9 GOM 1989 |p 4133838 |r 2020-01-23 |w 2020-01-23 |y BK |k LIT | ||